000 00339nam a2200133Ia 4500
008 240624s9999 xx 000 0 und d
041 _aeng
082 _a330 SCH
100 _aSCHUMACHER E F
245 _aSMALL IS BEAUTIFUL A STUDY OF ECONOMICS
260 _c1993
_aLondon
_bVintage
300 _axi, : 259 : p. : cm. ; 19
365 _cBPS
999 _c28711
_d28711